Cudzie jazyky v premenách času 7. recenzovaný zborník príspevkov z medzinárodnej vedeckej konferencie : 11. november 2016, [Bratislava]

Salvato in:
Dettagli Bibliografici
Enti autori: Cudzie jazyky v premenách času. Medzinárodná vedecká konferencia, Ekonomická univerzita v Bratislave. Fakulta aplikovaných jazykov
Altri autori: Kvapil, Roman, 1971-, Dulebová, Irina, Šajgalíková, Helena
Natura: Libro
Lingua:slovacco
inglese
Pubblicazione: Bratislava Vydavateľstvo EKONÓM 2017
Edizione:1. vyd.
Soggetti:
Tags: Aggiungi Tag
Nessun Tag, puoi essere il primo ad aggiungerne!!

MARC

LEADER 00000nlm a2200000 4500
001 0234515
005 20240514065946.9
020 |a 978-80-225-4388-0 
041 0 |a slo 
041 0 |a eng 
044 |a SK 
245 1 0 |a Cudzie jazyky v premenách času 7.  |b recenzovaný zborník príspevkov z medzinárodnej vedeckej konferencie : 11. november 2016, [Bratislava]  |c zostavovateľ: Roman Kvapil 
250 |a 1. vyd. 
264 1 |a Bratislava  |b Vydavateľstvo EKONÓM  |c 2017 
300 |a CD-ROM [223 s., 11,15 AH] 
610 2 0 |a jazyky cudzie 
610 2 0 |a jazykoveda 
610 2 0 |a terminológia 
610 2 0 |a preklady 
610 2 0 |a vyučovanie 
610 2 0 |a tlmočníctvo 
700 1 |a Kvapil, Roman, 1971- 
700 1 |a Dulebová, Irina 
700 1 |a Šajgalíková, Helena 
110 2 |a Cudzie jazyky v premenách času. Medzinárodná vedecká konferencia 
710 2 |a Ekonomická univerzita v Bratislave. Fakulta aplikovaných jazykov